Faculty of Law Library — Cairo University

Official Online Catalog

الشركات الدولية النشاط وتصنيع الدول النامية مع الإشارة لمصر / (Record no. 65977)

MARC details
000 -LEADER
fixed length control field 01262nam a2200325 4500
003 - CONTROL NUMBER IDENTIFIER
control field EG-GICUC
005 - DATE AND TIME OF LATEST TRANSACTION
control field 20260419131134.0
008 - FIXED-LENGTH DATA ELEMENTS--GENERAL INFORMATION
fixed length control field 260310s1989 ua ||||fr|||| 000 0 ara d
017 ## - COPYRIGHT OR LEGAL DEPOSIT NUMBER
Copyright or legal deposit number 1989/8037
020 ## - INTERNATIONAL STANDARD BOOK NUMBER
International Standard Book Number 977-466-008-0
040 ## - CATALOGING SOURCE
Original cataloging agency EG-GICUC
Transcribing agency EG-GICUC
Modifying agency EG-GICUC
Description conventions rda
Language of cataloging ara
041 0# - LANGUAGE CODE
Language code of text/sound track or separate title ara
082 04 - DEWEY DECIMAL CLASSIFICATION NUMBER
Edition number 21
Classification number 341.79
Item number م ح . ش
092 04 - LOCALLY ASSIGNED DEWEY CALL NUMBER (OCLC)
Edition number 21
099 ## - LOCAL FREE-TEXT CALL NUMBER (OCLC)
Classification number Law1 11 1989 341.79 م ح . ش
100 0# - MAIN ENTRY--PERSONAL NAME
Personal name محمد ابراهيم عبدالرحمن ،
Relator term مؤلف.
245 12 - TITLE STATEMENT
Title الشركات الدولية النشاط وتصنيع الدول النامية مع الإشارة لمصر /
Statement of responsibility, etc. تأليف الدكتور محمد إبراهيم عبدالرحمن.
264 #1 - PRODUCTION, PUBLICATION, DISTRIBUTION, MANUFACTURE, AND COPYRIGHT NOTICE
Place of production, publication, distribution, manufacture القاهرة :
Name of producer, publisher, distributor, manufacturer معهد البحوث والدراسات العربية ،
Date of production, publication, distribution, manufacture, or copyright notice ١٩٨٩ .
300 ## - PHYSICAL DESCRIPTION
Extent 232 ؛ صفحة
Dimensions 24 سم
336 ## - CONTENT TYPE
Source rda content
Content type term text
337 ## - MEDIA TYPE
Source rda media
Media type term Computer
338 ## - CARRIER TYPE
Source rda carrier
Carrier type term Online Resource
504 ## - BIBLIOGRAPHY, ETC. NOTE
Bibliography, etc. note يشتمل على ارجاعات ببليوجرافية.
546 ## - LANGUAGE NOTE
Language note النص باللغة العربية
650 14 - SUBJECT ADDED ENTRY--TOPICAL TERM
Source of heading or term qrmak
Topical term or geographic name entry element التعاون الدولي
Geographic subdivision مصر
651 1# - SUBJECT ADDED ENTRY--GEOGRAPHIC NAME
Source of heading or term qrmak
856 40 - ELECTRONIC LOCATION AND ACCESS
Uniform Resource Identifier <a href="https://fll.law.cu.edu.eg/fulltext/conf/B11-04956.pdf">https://fll.law.cu.edu.eg/fulltext/conf/B11-04956.pdf</a>
905 ## - Cataloger and Reviser Names
Cataloger Name: A'laa Ahmed
942 ## - ADDED ENTRY ELEMENTS (KOHA)
Source of classification or shelving scheme Dewey Decimal Classification
Koha item type Books
Edition 21
Suppress in OPAC No
Holdings
Withdrawn status Lost status Source of classification or shelving scheme Damaged status Not for loan Collection Home library Current library Date acquired Total checkouts Full call number Barcode Date last seen Copy number Price effective from Koha item type
    Dewey Decimal Classification   Not for loan القانون الدولي العام جــــامعة القــاهرة مكتبة كلية الحقوق - المبنى الرئيسي 10.03.2026   Law1 11 1989 1104956 341.79 م ح . ش C1 B11-04956 10.03.2026 1 10.03.2026 Books

© All rights reserved — Faculty of Law, Cairo University